LEADER 01632nam 2200337Ia 450 001 996386099103316 005 20221108035222.0 035 $a(CKB)4940000000080174 035 $a(EEBO)2240853940 035 $a(OCoLC)13127068 035 $a(EXLCZ)994940000000080174 100 $a19860208d1643 uy | 101 0 $aeng 135 $aurbn||||a|bb| 200 12$aA declaration made by the Earle of New-Castle, Governour of the towne and county of New-Castle, and generall of all His Majesties forces raised in the northerne parts of this kingdome, for the defence of the same$b[electronic resource] $efor his resolution of marching into Yorkshire : as also a just vindication of himselfe from that unjust aspersion laid upon him for eutertaining [sic] some popish recusants in his forces : with other passages of consequence 210 $a[London] $cPrinted for W. Webb$d1643 215 $a[2], 8 [i.e. 6] p 300 $aProbably printed at London. Cf. Madan 1568. 300 $aReproduction of original in Huntington Library. 330 $aeebo-0113 607 $aGreat Britain$xHistory$yCivil War, 1642-1649 607 $aYorkshire (England)$xHistory, Military 700 $aNewcastle$b William Cavendish$cDuke of,$f1592-1676.$0118382 801 0$bEAA 801 1$bEAA 801 2$bm/c 801 2$bWaOLN 906 $aBOOK 912 $a996386099103316 996 $aA declaration made by the Earle of New-Castle, Governour of the towne and county of New-Castle, and generall of all His Majesties forces raised in the northerne parts of this kingdome, for the defence of the same$92314062 997 $aUNISA LEADER 06156oam 2200793 c 450 001 996423848303316 005 20231110222140.0 010 $a3-8394-5765-3 024 7 $a10.14361/9783839457658 035 $a(CKB)5470000000557317 035 $a(DE-B1597)579768 035 $a(DE-B1597)9783839457658 035 $a(MiAaPQ)EBC6753189 035 $a(Au-PeEL)EBL6753189 035 $a(OCoLC)1257323906 035 $a(transcript Verlag)9783839457658 035 $a(MiAaPQ)EBC6956343 035 $a(Au-PeEL)EBL6956343 035 $a(oapen)https://directory.doabooks.org/handle/20.500.12854/70896 035 $a(MiAaPQ)EBC30476921 035 $a(Au-PeEL)EBL30476921 035 $a(EXLCZ)995470000000557317 100 $a20220221d2021 uy 0 101 0 $ager 135 $aur||#|||||||| 181 $ctxt$2rdacontent 182 $cc$2rdamedia 183 $acr$2rdacarrier 200 00$aHow to Relate$eWissen, Ku?nste, Praktiken / Knowledge, Arts, Practices$fAnnika Haas, Maximilian Haas, Hanna Magauer, Dennis Pohl 205 $a1st ed. 210 $aBielefeld$ctranscript Verlag$d2021 215 $a1 online resource (290 p.) 225 0 $aWissen der Ku?nste$v1 311 $a3-8376-5765-5 327 $tFrontmatter --$tInhalt --$tBeziehungsfragen. Eine Einleitung / Relational Issues. An Introduction --$tTechniques as Modes of Relating: Thinking with a Transdisciplinary Experiment --$tHow to Relate Differently: Scenes of Shared Research from the Programs "Performing Citizenship" and "Assemblies & Participation" --$tVerkomplizierung der Möglichkeiten: Gegenwartskunst, Epistemologie, Wissenspolitik --$tThe Angry Christ --$tÜber die praktischen Bedingungen von Forschung zwischen Theorie und Praxis, Wissenschaften und Künsten / On the Practical Conditions of Research between Theory and Practice, the Sciences and the Arts --$tKonvergenz der Zukünfte: Über widerständige Ästhetiken, imaginative Gegengeschichten und Institutionen als Beziehungsweisen --$tBecoming Common: Remarks on the (Im)Possibilities of Sharing --$tRelationalität elliptisch gedacht / Elliptic Relationality --$tOffen und entschieden: die idiosynkratische Radikalität der Kunst --$tFilm als Gegenverwirklichung --$tTranslation: A Relational Practice --$tSituierte Formen: Kunst, Sprache und die Frage nach ihren Eigenlogiken / Situated Forms: Thoughts on Arts, Language and their Intrinsic Logics --$t"Fame Is the Name of the Game": Aneignung und celebrity culture --$tThe 24/7 Bed: Privacy and Publicity in the Age of Social Media --$tTools, Infrastrukturen und Räume des relationalen Forschens / Tools, Infrastructures, and Spaces of Relational Research --$tHow to Relate in Contemporary Dance? --$tFiguration and/as Critique in Relational Matters --$tWe Have Always Been Geohackers --$tDer planetare Test --$tRückblick und Dank --$tAutor_innen / Contributors --$tBildnachweise / Image Credits 330 $aBeziehungen sind nicht gegeben, sie werden gemeinsam gemacht. Der Band untersucht Relationalita?ten als prozessuale Aushandlungen zwischen Ku?nsten und Wissenschaften, zwischen gebautem Raum und sozialem Ko?rper, zwischen theoretischem und poetisch-ku?nstlerischem Schreiben und Sprechen, zwischen Form, Material und Handlung. Pla?diert wird fu?r eine Wissenspolitik der Ku?nste, die von einer radikalen Verstricktheit theoretischer, a?sthetischer, medialer und gesellschaftlicher Praktiken und Techniken ausgeht. Mit Beitra?gen von / with contributions by Bini Adamczak, Emily Apter, Alice Chauchat, Beatriz Colomina, Gradinger / Schubot, Annika Haas, Maximilian Haas, Orit Halpern, Tom Holert, Amy Lien & Enzo Camacho, Mauri?cio Liesen, Hanna Magauer, Michaela Ott, Sibylle Peters, Dennis Pohl, Possible Bodies (Helen Pritchard, Jara Rocha, Femke Snelting), Ghassan Salhab, Mirjam Schaub, Melanie Sehgal, Nora Sternfeld, Kathrin Thiele, Jeremy Wade, Brigitte Weingart. 410 0$aWissen der Künste 606 $aRelationalita?t; Interdisziplinarita?t; Epistemologie; A?sthetik; Kunst; Ku?nstlerische Forschung; Infrastruktur; U?bersetzung; Wissenspraxis; Aneignung; Vermittlung; Figuration; Wissenschaft; Kunsttheorie; Medientheorie; Design; Architektur; Kunstwissenschaft; Relationality; Interdisciplinarity; Epistemology; Aesthetics; Art; Artistic Research; Infrastructure; Translation; Knowledge Practice; Appropriation Strategies; Imparting; Science; Theory of Art; Media Theory; Architecture; Fine Arts; 610 $aAesthetics. 610 $aAppropriation Strategies. 610 $aArchitecture. 610 $aArt. 610 $aArtistic Research. 610 $aDesign. 610 $aEpistemology. 610 $aFiguration. 610 $aFine Arts. 610 $aImparting. 610 $aInfrastructure. 610 $aInterdisciplinarity. 610 $aKnowledge Practice. 610 $aMedia Theory. 610 $aScience. 610 $aTheory of Art. 610 $aTranslation. 615 4$aRelationalita?t; Interdisziplinarita?t; Epistemologie; A?sthetik; Kunst; Ku?nstlerische Forschung; Infrastruktur; U?bersetzung; Wissenspraxis; Aneignung; Vermittlung; Figuration; Wissenschaft; Kunsttheorie; Medientheorie; Design; Architektur; Kunstwissenschaft; Relationality; Interdisciplinarity; Epistemology; Aesthetics; Art; Artistic Research; Infrastructure; Translation; Knowledge Practice; Appropriation Strategies; Imparting; Science; Theory of Art; Media Theory; Architecture; Fine Arts; 676 $a700.105 700 $aHaas$b Annika$4auth$01433366 702 $aHaas$b Annika$pUniversita?t der Ku?nste Berlin, Deutschland$4edt 702 $aHaas$b Maximilian$pUniversita?t der Ku?nste Berlin, Deutschland$4edt 702 $aMagauer$b Hanna$pUniversita?t der Ku?nste Berlin, Deutschland$4edt 702 $aPohl$b Dennis$pUniversita?t der Ku?nste Berlin, Deutschland$4edt 712 02$aUniversität der Künste Berlin$4fnd$4http://id.loc.gov/vocabulary/relators/fnd 801 0$bDE-B1597 801 1$bDE-B1597 906 $aBOOK 912 $a996423848303316 996 $aHow to Relate$93580694 997 $aUNISA